Object-Oriented Analysis And Design With Applications (Record no. 3645)
[ view plain ]
| 000 -LEADER | |
|---|---|
| fixed length control field | 00387nam a2200157Ia 4500 |
| 008 - FIXED-LENGTH DATA ELEMENTS--GENERAL INFORMATION | |
| fixed length control field | 191201s2008 xx 000 0 und d |
| 020 ## - INTERNATIONAL STANDARD BOOK NUMBER | |
| International Standard Book Number | 9788131702321 |
| 082 ## - DEWEY DECIMAL CLASSIFICATION NUMBER | |
| Classification number | 005.117 |
| Item number | BOO |
| 100 ## - MAIN ENTRY--PERSONAL NAME | |
| Personal name | BOOCH, Grady |
| 245 #0 - TITLE STATEMENT | |
| Title | Object-Oriented Analysis And Design With Applications |
| 250 ## - EDITION STATEMENT | |
| Edition statement | 3rd |
| 260 ## - PUBLICATION, DISTRIBUTION, ETC. (IMPRINT) | |
| Place of publication, distribution, etc | N.Delhi |
| Name of publisher, distributor, etc | Pearson |
| Date of publication, distribution, etc | 2008 |
| 300 ## - PHYSICAL DESCRIPTION | |
| Extent | 624 |
| 650 ## - SUBJECT ADDED ENTRY--TOPICAL TERM | |
| Topical term or geographic name as entry element | MCA |
| 942 ## - ADDED ENTRY ELEMENTS (KOHA) | |
| Source of classification or shelving scheme | Dewey Decimal Classification |
| Koha item type | Text Books |
| Withdrawn status | Lost status | Source of classification or shelving scheme | Damaged status | Not for loan | Collection code | Home library | Current library | Date acquired | Source of acquisition | Cost, normal purchase price | Bill Number | Total Checkouts | Full call number | Acc. no. / Barcode | Date last seen | Date last borrowed | Bill Date | Koha item type |
|---|---|---|---|---|---|---|---|---|---|---|---|---|---|---|---|---|---|---|
| Dewey Decimal Classification | MCA | PIET C-LIBRARY | PIET C-LIBRARY | 19/12/2008 | J B C, New Delhi | 499.00 | SI-4643 | 3 | 005.117 BOO | 10356 | 17/10/2023 | 07/10/2023 | 11/12/2008 | Text Books | ||||
| Dewey Decimal Classification | Computer Science & Engineering in Cyber Security | PIET C-LIBRARY | PIET C-LIBRARY | 19/12/2008 | J B C, New Delhi | 499.00 | SI-4643 | 2 | 005.117 BOO | 10357 | 13/10/2023 | 04/10/2023 | 11/12/2008 | Text Books | ||||
| Dewey Decimal Classification | Computer Science & Engineering in Cyber Security | PIET C-LIBRARY | PIET C-LIBRARY | 22/12/2008 | J B C, New Delhi | 525.00 | SI-4665 | 2 | 005.117 BOO | 10688 | 12/10/2023 | 11/10/2023 | 13/12/2008 | Text Books | ||||
| Dewey Decimal Classification | Computer Science & Engineering in Cyber Security | PIET C-LIBRARY | PIET C-LIBRARY | 22/12/2008 | J B C, New Delhi | 525.00 | SI-4665 | 5 | 005.117 BOO | 10689 | 23/10/2023 | 17/10/2023 | 13/12/2008 | Text Books | ||||
| Dewey Decimal Classification | Computer Science & Engineering in Cyber Security | PIET C-LIBRARY | PIET C-LIBRARY | 22/12/2008 | J B C, New Delhi | 525.00 | SI-4665 | 1 | 005.117 BOO | 10690 | 12/10/2023 | 04/10/2023 | 13/12/2008 | Text Books |